La fotografía aérea: métodos-procedimientos-interpretación; el estudio del hombre sobre la tierra

保存先:
書誌詳細
第一著者: Chombart de Lauwe, Paul-Henry (著者)
フォーマット: 図書
言語:スペイン語
出版事項: Barcelona Omega 1956
主題:
タグ: タグ追加
タグなし, このレコードへの初めてのタグを付けませんか!

MARC

LEADER 00000nam a2200000 a 4500
001 UCV8653
003 CL-VaPUC
008 911114e19560000SP |||||||||||||||||spa|d
082 0 4 |a 778.35  |b CHO  |2 21 
100 0 |a Chombart de Lauwe, Paul-Henry  |e author  |9 302678 
245 1 3 |a La fotografía aérea: métodos-procedimientos-interpretación; el estudio del hombre sobre la tierra 
300 |a 133 p 
942 |c BK 
945 |d 19911114 00:00:00 
260 |a Barcelona  |b Omega  |c 1956 
650 7 |a FOTOGRAFIA APLICACIONES CIENTIFICAS  |2 CL-VaPUC  |9 266982 
650 0 |a Fotografía aérea (Aerofotografía)  |9 366417 
583 |a last modification  |c 19911114 00:00:00  |k Rodrigo Vera 
999 |c 214137  |d 214135 
952 |0 0  |1 0  |4 0  |6 778_350000000000000_CHO_1956  |7 0  |8 P  |9 197246  |a BIBARQ  |b BIBARQ  |d 2019-11-14  |i 264939K  |o 778.35 CHO 1956  |p 264939K  |r 2025-01-20  |w 2019-11-14  |y BK  |k ARQ